Crisis context and wine business transfer difficulties’ (notice n° 1738982)

détails MARC
000 -LEADER
fixed length control field 01329cam a2200181 4500500
005 - DATE AND TIME OF LATEST TRANSACTION
control field 20260322004258.0
041 ## - LANGUAGE CODE
Language code of text/sound track or separate title fre
042 ## - AUTHENTICATION CODE
Authentication code dc
100 10 - MAIN ENTRY--PERSONAL NAME
Personal name Cheriet, Foued
Relator term author
245 00 - TITLE STATEMENT
Title Crisis context and wine business transfer difficulties’
260 ## - PUBLICATION, DISTRIBUTION, ETC.
Date of publication, distribution, etc. 2026.<br/>
500 ## - GENERAL NOTE
General note 29
520 ## - SUMMARY, ETC.
Summary, etc. In viticulture, the challenges of generational renewal linked to the installation-transmission processes of farms are part of an uncertain economic environment The approach is exploratory and based on a collection of quantitative and qualitative data from winegrowers and institutional actors in the Rhône Valley. The authors seek to better understand the conditions, motivations, and difficulties encountered by sellers and buyers in the transmission process of wine-growing farms. The sellers do not appear sufficiently prepared, and mention difficulties to identify a buyer or a transfer project that meets their expectations. Young farmers highlight difficulties which could lead some of them to stop their installation project. (JEL: Q13, Q15, R12).
700 10 - ADDED ENTRY--PERSONAL NAME
Personal name Hannin, Hervé
Relator term author
700 10 - ADDED ENTRY--PERSONAL NAME
Personal name Chaillard, Marine
Relator term author
786 0# - DATA SOURCE ENTRY
Note Économie rurale | 395 | 1 | 2026-03-12 | p. 87-100 | 0013-0559
856 41 - ELECTRONIC LOCATION AND ACCESS
Uniform Resource Identifier <a href="https://shs.cairn.info/journal-economie-rurale-2026-1-page-87?lang=en&redirect-ssocas=7080">https://shs.cairn.info/journal-economie-rurale-2026-1-page-87?lang=en&redirect-ssocas=7080</a>

Pas d'exemplaire disponible.

PLUDOC

PLUDOC est la plateforme unique et centralisée de gestion des bibliothèques physiques et numériques de Guinée administré par le CEDUST. Elle est la plus grande base de données de ressources documentaires pour les Étudiants, Enseignants chercheurs et Chercheurs de Guinée.

Adresse

627 919 101/664 919 101

25 boulevard du commerce
Kaloum, Conakry, Guinée

Réseaux sociaux

Powered by Netsen Group @ 2025